Statistiche per Politici per Regioni

Clicka qui per fare il quiz!

Statistiche generali

  • Questo quiz è stato fatto 124 volte
  • Il punteggio medio è 8 su 20

Risposte nella Mappa

Le risposte nella mappa del quiz sottostante sono codificate secondo una scala di colori dal rosso al verde in base alla % di persone che hanno risposto correttamente.
 

Statistiche sulle risposte

Risposta% Corretto
Sergio Mattarella
83%
Giorgio Napolitano
67%
Alcide De Gasperi
59%
Francesco Cossiga
59%
Romano Prodi
58%
Antonio Di Pietro
50%
Giulio Andreotti
50%
Aldo Moro
45%
Carlo Azeglio Ciampi
45%
Sandro Pertini
41%
Mario Monti
34%
Stefano Rodotà
31%
Mariano Rumor
27%
Marco Pannella
25%
Arnaldo Forlani
22%
Carlo Perrin
22%
Emilio Colombo
17%
Oscar Luigi Scalfaro
16%
Maria Rita Lorenzetti
14%
Pietro Fontanini
11%

Distribuzione punteggi

Percentile per numero di risposta

Percentuale di utenti per punteggio

I tuoi punteggi nel tempo

Non hai fatto questo quiz